000 00954nmm a2200289 a 4500
001 ocm000588541
003 TR-IsHL
005 20201028121553.0
008 130705s2008 tu tur
007 cr cn
020 _a9789759044374
035 _a588541
_b(N$T)
050 0 4 _aCB251
_b.Ş52 2008
090 0 4 _aCB251
_b.Ş52 2008
100 1 _aŞayegan, Daryuş
245 1 0 _aBatı karşısında Asya: Asya der Beraber-i Garb Tahran
_h[electronic resource] /
_cDaryuş Şayegan ; çev. Derya Örs
250 _a2. bs.
260 _aİstanbul :
_bAğaç Kitabevi Yayınları,
_c2008
300 _a296 p.
650 4 _aFelsefe, Psikoloji ve Din
650 4 _aPhilosophy, Psychology and Religion
650 0 _aFelsefe, İslam
650 0 _aPhilosophy, Islamic
650 7 _aPHILOSOPHY / Religious
_2bisacsh
700 1 _aÖrs, Derya
856 4 0 _uhttp://search.ebscohost.com/login.aspx?direct=true&scope=site&db=e011xww&AN=588541
999 _c1398
_d1398